000 00997nam a22003257a 4500
003 CHAP
005 20220817042732.0
008 971013s1980 r 00010 d
010 _a53881
011 _a54853
035 _a59005
040 _cCHAP
082 _a576
_bW5 1980
100 0 0 _aWiestreich, George A.
245 _aMicrobiology
250 _a3 ed.
260 _aEncino, Cal. :
_bGlencoe,
_c1980
300 _a786 p.
_b; apénd. : ilus.
590 _aBATCH-UPD
_b10
_c20130110
_lUCH01
_h0502
590 _aBATCH-UPD
_b10
_c20130111
_lUCH01
_h0003
590 _aBATCH-UPD
_b10
_c20130410
_lUCH01
_h0140
590 _aBATCH-UPD
_b10
_c20130914
_lUCH01
_h1718
590 _aCONVERSION
_b10
_c20130109
_lUCH01
_h1329
650 1 4 _aMicrobiologĂ­a.
_975490
700 0 _aLechtman, Max D.
_965451
901 _aBK
942 _cLIBRO
949 _a576 W5 1980
_bBC
_cLIBRO
_d33724002056124
_eLIBRO
_h75149
_i59005
_si
949 _a576 W5 1980
_bBC
_cLIBRO
_d33724002056165
_eLIBRO
_fc.2
_h75150
_i59005
_si
999 _c53881
_d53881